000 00381nam a2200145Ia 4500
008 240624s9999 xx 000 0 und d
041 _aeng
082 _a650.1 BIS
100 _aBISHOP SUE
245 _aDEVELOP YOUR ASSERTIVENESS
250 _a(2nd ed.)
260 _c2009
_aNew Delhi
_bKogan Page India Private limited
300 _avi, : 128 : p. : cm. ; 21
365 _cRS
_b30
999 _c12494
_d12494